Central Library OPAC University of Rajshahi

Sweet bird of youth : (Record no. 19081)

MARC details
000 -LEADER
fixed length control field 00987nam a2200289 a 4500
001 - CONTROL NUMBER
control field 19081
003 - CONTROL NUMBER IDENTIFIER
rucl marc code UkOxU
005 - DATE AND TIME OF LATEST TRANSACTION
control field 20211209000400.0
008 - FIXED-LENGTH DATA ELEMENTS--GENERAL INFORMATION
fixed length control field 140223r19631962enk 000 0 eng d
035 ## - SYSTEM CONTROL NUMBER
System control number BD-RjUL)19139
System control number (OCoLC)1105645
040 ## - CATALOGING SOURCE
Original cataloging agency MAL
Modifying agency m.c
Language of cataloging eng
Transcribing agency BD-RjUL
041 ## - LANGUAGE CODE
Language code of text/sound track or separate title eng
082 04 - DEWEY DECIMAL CLASSIFICATION NUMBER
Classification number 822
Author mark and year WIS 1963
100 1# - MAIN ENTRY--PERSONAL NAME
Personal name Williams, Tennessee,
Dates associated with a name 1911-1983.
9 (RLIN) 53057
245 10 - TITLE STATEMENT
Title Sweet bird of youth :
Remainder of title A streetcar named Desire ; The glass menagerie /
Statement of responsibility, etc. Tennesse Williams ; edited by E. Martin Browne
260 ## - PUBLICATION, DISTRIBUTION, ETC. (IMPRINT)
Place of publication, distribution, etc. Harmondsworth :
Name of publisher, distributor, etc. Penguin Books in association with Secker & Warburg,
Date of publication, distribution, etc. c1962 [Reprinted 1963]
300 ## - PHYSICAL DESCRIPTION
Pagination 313 p. ;
Size 18 cm
490 1# - SERIES STATEMENT
Series statement Penguin plays ;
Volume/sequential designation PL 15
650 #0 - SUBJECT ADDED ENTRY--TOPICAL TERM
Topical term or geographic name as entry element American drama -- 20th century.
9 (RLIN) 52510
700 1# - ADDED ENTRY--PERSONAL NAME
Personal name Browne, E. Martin
Fuller form of name (Elliott Martin),
Dates associated with a name 1900-1980.
830 #0 - SERIES ADDED ENTRY--UNIFORM TITLE
Volume number/sequential designation PL 15
830 #0 - SERIES ADDED ENTRY--UNIFORM TITLE
Uniform title Penguin plays ;
942 ## - ADDED ENTRY ELEMENTS (KOHA)
Source of classification or shelving scheme Dewey Decimal Classification
Koha item type Books
Holdings
Lost status Source of classification or shelving scheme Damaged status Not for loan Collection code Permanent Location Current Location Shelving location Date acquired Source of acquisition Total Checkouts Full call number Date last seen Copy number Koha item type
  Dewey Decimal Classification   Not For Loan Fiction Central Library, University of Rajshahi Central Library, University of Rajshahi Reading Room 20/10/1990 Shaukat Osman Gift   822 WIS 1963 23/02/2014 C-1 Books